[Event "Irish New Year GM Norm 2020"]
[Site "Dublin IRL"]
[Date "2020.01.05"]
[Round "6.3"]
[White "Pajeken, Jakob Leon"]
[Black "Brady, Stephen"]
[Result "1-0"]
[WhiteTitle "IM"]
[BlackTitle "FM"]
[WhiteElo "2327"]
[BlackElo "2285"]
[BlackICU "2264"]
[BlackClub "St. Benildus"]
[WhiteNationality "GER"]
[BlackNationality "IRL"]
[WhiteFideId "12942839"]
[BlackFideId "2500124"]
[PlyCount "45"]
[Venue "Talbot Hotel, Stillorgan"]
[EventDate "2020.01.02"]

{ Event information: <a
href="http://www.irlchess.com/icu-ny2020-gm_allfiles/pairings_icu-ny2020-gm.html">Tournament
report</a>. }

1. d4 Nf6 2. Nf3 e6 3. Bf4 b6 4. Nbd2 Bb7 5. e3 Be7 6. h3 O-O 7. Bd3 c5 8.
c3 Nc6 9. O-O d6 10. Qe2 Re8 11. Rfd1 cxd4 12. exd4 Bf8 13. Nc4 Ba6 14. Bg5
d5 15. Nce5 Bxd3 16. Rxd3 Qc7 $2 ({ The losing move. } 16... Ne7 $10) 17.
Nxc6 Qxc6 18. Ne5 Qc7 19. Bxf6 gxf6 20. Rg3+ Kh8 21. Qg4 Bh6 22. Qh5 fxe5
23. Qxh6 1-0

[Event "Irish New Year GM Norm 2020"]
[Site "Dublin IRL"]
[Date "2020.01.05"]
[Round "6.4"]
[White "Pert, Nick"]
[Black "Ryan, Joe"]
[Result "1-0"]
[WhiteTitle "GM"]
[BlackTitle "FM"]
[WhiteElo "2558"]
[BlackElo "2293"]
[BlackICU "2294"]
[WhiteNationality "ENG"]
[BlackNationality "IRL"]
[WhiteFideId "403989"]
[BlackFideId "2500426"]
[PlyCount "65"]
[Venue "Talbot Hotel, Stillorgan"]
[EventDate "2020.01.02"]

{ Event information: <a
href="http://www.irlchess.com/icu-ny2020-gm_allfiles/pairings_icu-ny2020-gm.html">Tournament
report</a>. }

1. d4 Nf6 2. Nf3 e6 3. Bf4 d5 4. e3 Bd6 5. Bg3 c5 6. Nbd2 O-O 7. c3 Qc7 8.
dxc5 Qxc5 9. Bd3 Bxg3 10. hxg3 Nc6 11. e4 dxe4 12. Nxe4 Nxe4 13. Bxe4 h6
14. g4 Ne5 15. Rh5 Nxf3+ 16. Qxf3 f5 17. gxf5 exf5 18. Bd5+ Kh8 19. O-O-O
Bd7 20. Qf4 Rf6 21. Bxb7 Rd8 22. g4 Qe7 23. Qc7 fxg4 24. Re5 Qf8 25. Rxd7
Rb8 26. Rxg7 Qxg7 27. Qxb8+ Rf8 28. Re8 Qg5+ 29. Kd1 Rxe8 30. Qxe8+ Kg7 31.
Qd7+ Kg6 32. Be4+ Kh5 33. Qd5 1-0

[Event "Irish New Year GM Norm 2020"]
[Site "Dublin IRL"]
[Date "2020.01.05"]
[Round "7.1"]
[White "Collins, Sam"]
[Black "Fitzsimons, David"]
[Result "1-0"]
[WhiteTitle "IM"]
[BlackTitle "IM"]
[WhiteElo "2446"]
[BlackElo "2317"]
[WhiteICU "2421"]
[BlackICU "2342"]
[WhiteClub "Gonzaga"]
[BlackClub "Elm Mount"]
[WhiteNationality "IRL"]
[BlackNationality "IRL"]
[WhiteFideId "2501198"]
[BlackFideId "2501961"]
[PlyCount "37"]
[Venue "Talbot Hotel, Stillorgan"]
[EventDate "2020.01.02"]

{ Event information: <a
href="http://www.irlchess.com/icu-ny2020-gm_allfiles/pairings_icu-ny2020-gm.html">Tournament
report</a>. }

1. e4 c5 2. Nf3 d6 3. Bb5+ Bd7 4. Bxd7+ Nxd7 5. O-O Ngf6 6. Re1 e6 7. b3
Be7 8. Bb2 O-O 9. d4 cxd4 10. Bxd4 b5 11. Nbd2 Qc7 12. c4 Qb7 13. Qe2 bxc4
14. Nxc4 a5 15. Rab1 Rfc8 16. e5 dxe5 17. Nfxe5 Rd8 $2 (17... Nxe5 18. Qxe5
Rd8 $10) 18. Nxf7 $1 $18 Rdc8 19. Nfe5 1-0

[Event "Irish New Year GM Norm 2020"]
[Site "Dublin IRL"]
[Date "2020.01.05"]
[Round "7.2"]
[White "Kosten, Tony"]
[Black "Pert, Nick"]
[Result "1/2-1/2"]
[WhiteTitle "GM"]
[BlackTitle "GM"]
[WhiteElo "2402"]
[BlackElo "2558"]
[WhiteNationality "FRA"]
[BlackNationality "ENG"]
[WhiteFideId "400114"]
[BlackFideId "403989"]
[PlyCount "65"]
[Venue "Talbot Hotel, Stillorgan"]
[EventDate "2020.01.02"]

{ Event information: <a
href="http://www.irlchess.com/icu-ny2020-gm_allfiles/pairings_icu-ny2020-gm.html">Tournament
report</a>. }

1. c4 e5 2. g3 Nf6 3. Bg2 c6 4. Nf3 e4 5. Nd4 Qb6 6. Nb3 a5 7. d3 a4 8.
N3d2 exd3 9. O-O Be7 10. exd3 d5 11. cxd5 cxd5 12. Nc3 Qa5 13. a3 Nc6 14.
b4 axb3 15. Bb2 O-O 16. Nxb3 Qd8 17. h3 Bf5 18. Ne2 Bd6 19. Qd2 Re8 20.
Nbd4 Bd7 21. Nb5 Bb8 22. a4 Ne5 23. Nf4 Ra6 24. Rfe1 h5 25. h4 Bc6 26. Bd4
Neg4 27. Rxe8+ Bxe8 28. Nc3 Bc6 29. Re1 Ba7 30. Bxa7 Rxa7 31. d4 Ra8 32. f3
Nh6 33. Re5 1/2-1/2

[Event "Irish New Year GM Norm 2020"]
[Site "Dublin IRL"]
[Date "2020.01.06"]
[Round "8.5"]
[White "Kosten, Tony"]
[Black "Ryan, Joe"]
[Result "1-0"]
[WhiteTitle "GM"]
[BlackTitle "FM"]
[WhiteElo "2402"]
[BlackElo "2293"]
[BlackICU "2294"]
[WhiteNationality "FRA"]
[BlackNationality "IRL"]
[WhiteFideId "400114"]
[BlackFideId "2500426"]
[PlyCount "81"]
[Venue "Talbot Hotel, Stillorgan"]
[EventDate "2020.01.02"]

{ Event information: <a
href="http://www.irlchess.com/icu-ny2020-gm_allfiles/pairings_icu-ny2020-gm.html">Tournament
report</a>. }

1. Nf3 Nc6 2. d4 d5 3. g3 Bf5 4. Bg2 Nb4 5. Na3 e6 6. c3 Nc6 7. Nc2 h6 8.
O-O Nf6 9. Nd2 e5 10. Ne3 Bh7 11. Qb3 exd4 12. Nxd5 Rb8 13. cxd4 Nxd4 14.
Qe3+ Ne6 15. Nxf6+ Qxf6 16. Qxa7 Qd8 17. Bxb7 Bc5 18. Qa4+ Ke7 19. Bg2 Qd4
20. Qc6 Rb6 21. Qf3 Ng5 22. Qc3 Qxc3 23. bxc3 Re6 24. Nb3 Bb6 25. Ba3+ Kf6
26. h4 Ne4 27. e3 g5 28. hxg5+ hxg5 29. c4 Rhe8 30. c5 Ba7 31. Bh3 Ra6 32.
Bb2+ Ke7 33. Rfd1 Rh6 34. Rd7+ Kf8 35. Bg2 Rc6 36. Nd4 Rh6 37. Rxc7 Bb8 38.
Rc6 f6 39. Rd1 g4 40. Ne6+ Ke7 41. Ng7 1-0

[Event "Irish New Year GM Norm 2020"]
[Site "Dublin IRL"]
[Date "2020.01.06"]
[Round "9.1"]
[White "Fitzsimons, David"]
[Black "Li, Henry"]
[Result "1/2-1/2"]
[WhiteTitle "IM"]
[BlackTitle "FM"]
[WhiteElo "2317"]
[BlackElo "2288"]
[WhiteICU "2342"]
[BlackICU "2276"]
[WhiteClub "Elm Mount"]
[BlackClub "Gonzaga"]
[WhiteNationality "IRL"]
[BlackNationality "IRL"]
[WhiteFideId "2501961"]
[BlackFideId "2508524"]
[PlyCount "160"]
[Venue "Talbot Hotel, Stillorgan"]
[EventDate "2020.01.02"]

{ Event information: <a
href="http://www.irlchess.com/icu-ny2020-gm_allfiles/pairings_icu-ny2020-gm.html">Tournament
report</a>. }

1. e4 c5 2. Nf3 e6 3. Nc3 Nc6 4. Bb5 Nd4 5. O-O a6 6. Bd3 Ne7 7. Nxd4 cxd4
8. Ne2 Nc6 9. c3 dxc3 10. dxc3 Bc5 11. Kh1 Ne5 12. Bf4 d6 13. Bc2 O-O 14.
a4 Qc7 15. Qd2 Nc4 16. Qc1 e5 17. Bg3 Bg4 18. Bd3 Ba7 19. Qc2 Rab8 20. Rfd1
Rfd8 21. h3 Be6 22. Nc1 h6 23. Na2 Na5 24. Qe2 Nb3 25. Rab1 Bc5 26. Bc4 Qd7
27. Bxe6 Qxe6 28. Nc1 b5 29. Nxb3 Qxb3 30. axb5 axb5 31. Bh4 Rdc8 32. Qg4
b4 33. Bf6 g6 34. Qh4 Qe6 35. c4 Bd4 36. Rd3 Kh7 37. b3 Ra8 38. f4 Bf2 39.
Qxf2 Qxf6 40. Rf3 Rc7 41. fxe5 Qxe5 42. Rxf7+ Rxf7 43. Qxf7+ Qg7 44. Qd5
Ra1 45. Rxa1 Qxa1+ 46. Kh2 Qf6 47. Qd2 Qe5+ 48. Kh1 Qa1+ 49. Kh2 Qe5+ 50.
Kg1 Qa1+ 51. Kf2 Qf6+ 52. Ke2 Qe5 53. Kd3 h5 54. Qe3 Qc3+ 55. Ke2 Qc2+ 56.
Kf3 Qd1+ 57. Kg3 Qa1 58. Kh2 Qe5+ 59. Qg3 Qf6 60. h4 Kg7 61. Qg5 Qd4 62.
Qd5 Qf2 63. Qg5 Qd4 64. Qe7+ Kg8 65. Qd8+ Kg7 66. Qc7+ Kg8 67. Qb8+ Kh7 68.
Qb7+ Kh6 69. Qxb4 Qf2 70. Kh3 Qe3+ 71. g3 Qe2 72. Qb6 Qxe4 73. Qf2 Qh1+ 74.
Qh2 Qf3 75. Qd2+ Kh7 76. Qd5 Qf1+ 77. Kh2 Qe2+ 78. Qg2 Qd3 79. Qb2 Kg8 80.
b4 Qxc4 1/2-1/2

[Event "Irish New Year GM Norm 2020"]
[Site "Dublin IRL"]
[Date "2020.01.06"]
[Round "9.5"]
[White "Pajeken, Jakob Leon"]
[Black "Collins, Sam"]
[Result "1/2-1/2"]
[WhiteTitle "IM"]
[BlackTitle "IM"]
[WhiteElo "2327"]
[BlackElo "2446"]
[BlackICU "2421"]
[BlackClub "Gonzaga"]
[WhiteNationality "GER"]
[BlackNationality "IRL"]
[WhiteFideId "12942839"]
[BlackFideId "2501198"]
[PlyCount "38"]
[Venue "Talbot Hotel, Stillorgan"]
[EventDate "2020.01.02"]

{ Event information: <a
href="http://www.irlchess.com/icu-ny2020-gm_allfiles/pairings_icu-ny2020-gm.html">Tournament
report</a>. }

1. d4 Nf6 2. Nf3 g6 3. g3 Bg7 4. Bg2 d5 5. O-O c6 6. Ne5 O-O 7. c4 Ne4 8.
cxd5 cxd5 9. Nc3 Nxc3 10. bxc3 Nc6 11. Nxc6 bxc6 12. Ba3 Ba6 13. Re1 Re8
14. Bc5 Bf8 15. Qa4 Bb5 16. Qc2 e5 17. Bxf8 Kxf8 18. e4 exd4 19. cxd4 Bc4
1/2-1/2